Countries With The Highest Cancer Rate - Statistics

General Stats
  • This quiz has been taken 68 times
  • The average score is 11 of 20
Answer Stats
Rate Country % Correct
303.6 United States
98%
292.4 Canada
84%
322.4 Australia
78%
290.6 United Kingdom
78%
316.6 France
76%
299.9 New Zealand
75%
307.0 Ireland
69%
288.9 Sweden
62%
340.3 Norway
60%
301.7 Belgium
58%
349.8 Denmark
56%
312.4 Netherlands
51%
286.3 Portugal
45%
321.2 Hungary
35%
277.0 Estonia
33%
280.6 Latvia
33%
284.8 Lithuania
31%
296.0 Slovenia
31%
306.1 Croatia
27%
283.6 Cyprus
9%
No matching quizzes found
Score Distribution
Percent of People with Each Score
Percentile by Number Answered
Your Score History
You have not taken this quiz